000 00373cam a2200157ua 4500
041 _aeng
_h
082 _a823.308
_bOCO/ED
100 _aOConner, Edwin .
245 _aEdge of sadness /
_cEdwin O`Conner.
_hTextual Documents
250 _a1 /
_b.
260 _aLondon :
_bMax Reinhardt ,
_c1961.
300 _a415 ; .
504 _a
942 _cBK
999 _c6833
_d6833